Penn St Football Opponents Since 2000 - Statistics

General Stats
  • This quiz has been taken 176 times
    145 since last reset
  • The average score is 38 of 65
Answer Stats
Times Played Answer % Correct
20 Michigan
98%
2 Ohio
98%
24 Ohio St
98%
21 Michigan St
94%
22 Indiana
87%
18 Iowa
86%
2 Alabama
85%
10 Rutgers
85%
13 Purdue
84%
1 Washington
84%
18 Illinois
82%
3 Southern California
81%
14 Wisconsin
81%
15 Northwestern
80%
10 Maryland
79%
11 Minnesota
78%
7 Nebraska
78%
1 Georgia
74%
1 Miami (FL)
74%
1 Florida
73%
2 Notre Dame
72%
3 Auburn
68%
1 West Virginia
68%
5 Pittsburgh
67%
1 Florida St
66%
5 Kent St
66%
1 Kentucky
66%
3 Syracuse
64%
3 Virginia
64%
5 Akron
62%
1 LSU
62%
11 Temple
59%
1 Utah
59%
1 Army
56%
3 Buffalo
56%
1 Navy
56%
1 Oregon St
56%
1 Tennessee
55%
1 Arkansas
54%
1 Texas AM
54%
1 Toledo
53%
2 Central Michigan
52%
2 Eastern Michigan
51%
2 Massachusetts
48%
1 Ball St
47%
1 Mississippi
47%
3 Boston College
46%
4 Central Florida
46%
1 Villanova
46%
1 Memphis
41%
1 South Florida
39%
1 Cincinnati
38%
1 Florida International
36%
1 Delaware
32%
1 Idaho
32%
1 Houston
30%
1 Georgia St
29%
1 Coastal Carolina
27%
1 San Diego St
26%
2 Youngstown St
26%
1 Appalachian St
24%
2 Louisiana Tech
22%
1 Southern Miss
22%
1 Indiana St
18%
1 Eastern Illinois
6%
No matching quizzes found
Score Distribution
Percent of People with Each Score
Percentile by Number Answered
Your Score History
You have not taken this quiz since the last reset